[Event "Ceske Budejovice op-B"]
[Site "Ceske Budejovice"]
[Date "2022.07.02"]
[Round "2"]
[White "Sobotka, Radim"]
[Black "Rendl, Lubos"]
[Result "1-0"]
[WhiteElo "1685"]
[BlackElo "1162"]
[PlyCount "199"]
[EventDate "2022.07.01"]
[EventType "swiss"]
[EventRounds "9"]
[EventCountry "CZE"]
[SourceTitle "EXT 2023"]
[Source "ChessBase"]
[SourceDate "2022.10.05"]
[SourceVersion "1"]
[SourceVersionDate "2022.10.05"]
[SourceQuality "1"]

1. e4 e6 2. d4 d5 3. e5 c5 4. c3 Nc6 5. Nf3 Nge7 6. a3 Qb6 7. b4 c4 8. Be2 a5 9. Bb2 Nf5 10. Nbd2 Be7 11. 0-0 axb4 12. axb4 Rxa1 13. Qxa1 0-0 14. g4 Nh6 15. h3 f5 16. g5 Nf7 17. h4 Qd8 18. Qe1 b5 19. Nh2 Bb7 20. f4 Qa8 21. Qa1 Qxa1 22. Rxa1 Ra8 23. Rxa8+ Bxa8 24. Nhf1 Nh8 25. h5 g6 26. h6 Nf7 27. Nf3 Na7 28. Ne3 Bc6 29. Bf1 Nc8 30. Kf2 Nb6 31. Bc1 Na4 32. Bd2 Bb7 33. Ke1 Nb2 34. Bc1 Na4 35. Kd2 Kf8 36. Kc2 Ke8 37. Bb2 Kd7 38. Be2 Bc6 39. Bd1 Kc7 40. Kb1 Kb6 41. Bxa4 bxa4 42. Ka2 Nd8 43. Bc1 Bd7 44. Nd1 Nc6 45. Nb2 Na7 46. Nd2 Kb7 47. Nb1 Bf8 48. Ka3 Nb5+ 49. Ka2 Na7 50. Na3 Be7 51. Nc2 Be8 52. Ne3 a3 53. Nbd1 Ba4 54. Bxa3 Bb3+ 55. Kb1 Kb6 56. Nf2 Bf8 57. Ng2 Kb5 58. Ne3 Kb6 59. Nh3 Nb5 60. Bb2 Nc7 61. Ng1 Nb5 62. Nf3 Kc6 63. Nc2 Na7 64. Ba3 Nb5 65. Bb2 Na7 66. Nd2 Ba4 67. Ne3 Kb5 68. Ka2 Nc6 69. Ba3 Be7 70. Nf3 Bb3+ 71. Kb1 Ka4 72. Bb2 Kb5 73. Ng1 Nd8 74. Nh3 Nf7 75. Bc1 Kb6 76. Nf2 Kb5 77. Nfd1 Kc6 78. Nb2 Kb5 79. Nf1 Kb6 80. Nd2 Kb5 81. Nxb3 cxb3 82. Nd1 Nd8 83. Kb2 Ka4 84. Ne3 Nc6 85. Nf1 Bf8 86. Nd2 Ne7 87. Nxb3 Nc8 88. Na5 Nb6 89. Nc6 Nc4+ 90. Kc2 Kb5 91. Nd8 Be7 92. Nxe6 Kc6 93. Nc5 Nb6 94. Kb3 Nd7 95. Nxd7 Kxd7 96. Ka4 Kc6 97. Ka5 Bd8+ 98. Ka6 Bb6 99. b5+ Kc7 100. Ba3 1-0

[Event "Ceske Budejovice op"]
[Site "Ceske Budejovice"]
[Date "2021.07.07"]
[Round "7"]
[White "Sobotka, Radim"]
[Black "Svoboda, Petr1"]
[Result "0-1"]
[WhiteElo "1711"]
[BlackElo "1655"]
[PlyCount "77"]
[EventDate "2021.07.01"]
[EventType "swiss"]
[EventRounds "9"]
[EventCountry "CZE"]
[SourceTitle "CBM 203 Extra"]
[Source "ChessBase"]
[SourceDate "2021.09.30"]
[SourceVersion "1"]
[SourceVersionDate "2021.09.30"]
[SourceQuality "1"]

1. d4 f5 2. Nf3 Nf6 3. c4 e6 4. Nc3 Be7 5. g3 0-0 6. Bg2 Ne4 7. 0-0 Nxc3 8. bxc3 Nc6 9. Bf4 d6 10. Rb1 Qe8 11. e4 fxe4 12. Nd2 e5 13. Be3 exd4 14. cxd4 Bf6 15. Nxe4 Rb8 16. Nxf6+ Rxf6 17. Re1 Qd7 18. Qh5 Ne7 19. Bg5 g6 20. Bxf6 gxh5 21. Rxe7 Qf5 22. Bd5+ Kf8 23. Rf7+ Ke8 24. Re1+ Be6 25. Rxe6+ Kxf7 26. Re5+ Kxf6 27. Rxf5+ Kxf5 28. Kg2 b5 29. Kf3 h6 30. h4 Kf6 31. Kf4 bxc4 32. Bxc4 Rb4 33. Bb3 Rxd4+ 34. Ke3 c5 35. f3 a5 36. a3 Ke5 37. Bc2 Kf6 38. Bb3 c4 39. Bc2 0-1

[Event "Ceske Budejovice op-B"]
[Site "Ceske Budejovice"]
[Date "2020.07.05"]
[Round "5"]
[White "Kotleska, Roman"]
[Black "Sobotka, Radim"]
[Result "1-0"]
[WhiteElo "1521"]
[BlackElo "1764"]
[PlyCount "68"]
[EventDate "2020.07.01"]
[EventType "swiss"]
[EventRounds "9"]
[EventCountry "CZE"]
[SourceTitle "CBM 197 Extra"]
[Source "ChessBase"]
[SourceDate "2020.09.30"]
[SourceVersion "1"]
[SourceVersionDate "2020.09.30"]
[SourceQuality "1"]

1. e4 d5 2. exd5 Qxd5 3. Nc3 Qa5 4. d4 c6 5. Nf3 Bf5 6. Bc4 e6 7. Bd2 Nf6 8. Bb3 Bb4 9. a3 Bxc3 10. Bxc3 Qc7 11. Qe2 0-0 12. 0-0-0 Nbd7 13. Ne5 Nb6 14. f3 Rad8 15. g4 Bg6 16. h4 h6 17. Nxg6 fxg6 18. Qxe6+ Kh7 19. Qe5 Qxe5 20. dxe5 Nfd5 21. Rd3 Rde8 22. Bd4 Nf4 23. Rd2 Nbd5 24. c4 Nc7 25. Rf1 b6 26. Bc2 Nce6 27. Be3 c5 28. h5 Nd4 29. Bxd4 cxd4 30. hxg6+ Kh8 31. Kd1 Rxe5 32. Rxd4 Ng2 33. Kd2 Nf4 34. Re1 Rg5 1-0